Statistics for Shia LaBeouf Movies Quiz

Click here to take the quiz!

General Stats

  • This quiz has been taken 20 times
  • The average score is 8 of 37

Answer Stats

YearMovie% Correct
2007Transformers
88%
2008Indiana Jones and the Kingdom of the Crystal Skull
63%
2009Transformers : Revenge of the Fallen
63%
2007Disturbia
56%
2003Holes
50%
2011Transformers : Dark of the Moon
50%
2014Fury
44%
2004I, Robot
38%
2008Eagle Eye
31%
2012Lawless
31%
2007Surf's Up
31%
2005Constantine
25%
2013Nymphomaniac
25%
2003The Even Stevens Movie
25%
2003Charlie's Angels : Full Throttle
19%
2008New York, I Love You
19%
2010Wall Street : Money Never Sleeps
19%
2016American Honey
13%
2006Bobby
13%
2003The Battle of Shaker Heights
13%
2005The Greatest Game Ever Played
13%
2013The Necessary Death of Charlie Countryman
13%
2006A Guide to Recognizing your Saints
6%
2011Born Villain
6%
1998Breakfast with Einstein
6%
2003Dumb and Dumberer
6%
2012Fjögur Píanó
6%
2001Hounded
6%
2012Howard Cantour.com
6%
2016Love True
6%
2015Man Down
6%
2011Maniac
6%
1998Monkey Business
6%
1984Nausicää of the Valley of the Wind
6%
2001Scareful What You Wish For?
6%
2012The Company You Keep
6%
2002Tru Confessions
6%

Score Distribution

Percentile by Number Answered

Percent of People with Each Score

Your Score History

You have not taken this quiz